000 00531nam a2200169Ia 4500
008 090711s9999 xx 000 0 und d
082 _b711
100 _aप्रभावळकर दिलीप
245 _aअनुदिनी
260 _bउत्कर्ष प्रकाशन
_c1998
300 _a161
600 _aप्रभावळकर दिलीप
630 _aअनुदिनी
700 _aप्रभावळकर दिलीप
730 _aअनुदिनी
942 _cBOOK
999 _c333447
_d333447